| Поле | Инд. | ПП | Название | Значение |
|---|---|---|---|---|
| Тип записи | a | |||
| Библиографический уровень | b | |||
| 001 | Контрольный номер | 310d922073d447e4a19a0c5f9576e5d6 | ||
| 005 | Дата корректировки | 20200702174639.4 | ||
| 008 | Кодируемые данные | 20170331 | ||
| 040 | b | Код языка каталог. | rus | |
| e | Правила каталог. | PSBO | ||
| 041 | 0_ | a | Код языка текста | rus |
| 084 | a | Индекс другой классификации/Индекс ББК | 67.910.822 | |
| 100 | 1_ | a | Автор | Иванова Т. В. |
| 245 | 10 | a | Заглавие | Европейский суд по правам человека о гласности |
| 520 | 0_ | a | Аннотация | В статье рассматриваются правовые позиции Европейского суда по правам человека по вопросам справедливости, публичности, гласности. Справедливое публичное судебное разбирательство как один из принципов демократического государства в материалах ЕСПЧ представляет собой правовую концепцию, целью которой является достижение признания и осуществления провозглашенных Конвенцией прав и свобод человека. Публичность, гласность являются условием деятельности ЕСПЧ и направлены на поддержание и развитие демократических порядков |
| 650 | 14 | a | Основная рубрика | право; международное право; международное публичное право |
| 653 | 0_ | a | Ключевые слова | гласность |
| a | Ключевые слова | Европейский суд по правам человека | ||
| a | Ключевые слова | Конвенция о защите прав человека и основных свобод | ||
| a | Ключевые слова | правовой статус | ||
| a | Ключевые слова | правовые позиции | ||
| a | Ключевые слова | публичность | ||
| a | Ключевые слова | Россия | ||
| a | Ключевые слова | справедливость | ||
| 773 | 08 | t | Заглавие источника | Российская юстиция |
| d | Дата издания источника | 2020 | ||
| g | Прочая информация | № 4. - С. 66 - 68 | ||
| w | Контрольный № источника | d9163a71ea1647108cab3fccfb4b3d86 | ||
| 901 | t | Тип документа | b |